[Event "Caracas Altamira Village"]
[Site "Caracas"]
[Date "2024.02.17"]
[Round "1.3"]
[White "Gutierrez Anaya, Yeison Joel"]
[Black "Arias Serrano, Luis Antonio"]
[Result "1-0"]
[WhiteElo "2138"]
[BlackElo "2064"]
[PlyCount "61"]
[EventDate "2024.02.17"]
[EventType "tourn"]
[EventRounds "9"]
[EventCountry "VEN"]
[SourceTitle "CB10_2024"]
[SourceDate "2024.03.06"]
[SourceVersion "1"]
[SourceVersionDate "2024.03.06"]
[SourceQuality "1"]

1. d4 Nf6 2. c4 e5 3. dxe5 Ng4 4. e4 d6 5. Be2 Nxe5 6. f4 Nec6 7. Nc3 Be7 8. Be3 0-0 9. Nf3 Nd7 10. Qc2 Nc5 11. Rd1 Qe8 12. Nd5 Bd8 13. e5 a5 14. a3 a4 15. 0-0 f5 16. exf6 gxf6 17. f5 Qe4 18. Ne1 Qxc2 19. Nxc2 Ne7 20. Bh6 Rf7 21. Bh5 Nxf5 22. Bxf7+ Kxf7 23. Bd2 c6 24. Nde3 Nh4 25. Bc3 Ne4 26. Rd4 Nxc3 27. Rxh4 f5 28. Nxf5 Ne2+ 29. Kf2 Bxh4+ 30. Nxh4 Bg4 31. h3 1-0

[Event "Coro op"]
[Site "Coro"]
[Date "2019.07.20"]
[Round "4"]
[White "Ledezma Villamizar, Gabriel Enrique"]
[Black "Arias Serrano, Luis Antonio"]
[Result "1-0"]
[WhiteElo "2041"]
[BlackElo "2107"]
[PlyCount "73"]
[EventDate "2019.07.19"]
[EventType "swiss"]
[EventRounds "6"]
[EventCountry "VEN"]
[SourceTitle "EXT 2020"]
[Source "ChessBase"]
[SourceDate "2019.10.17"]
[SourceVersion "1"]
[SourceVersionDate "2019.10.17"]
[SourceQuality "1"]

1. e4 e5 2. Nf3 Nc6 3. Bb5 a6 4. Ba4 Nf6 5. 0-0 b5 6. Bb3 Bc5 7. Re1 d6 8. c3 Bb6 9. h3 h6 10. d4 Qe7 11. Be3 Rb8 12. Nbd2 g5 13. dxe5 dxe5 14. Nf1 g4 15. hxg4 Bxg4 16. Bxb6 cxb6 17. Ne3 Rd8 18. Qe2 Rg8 19. Nd5 Qd6 20. Rad1 Nh5 21. Qe3 Kf8 22. Nxb6 Qf6 23. Rxd8+ Nxd8 24. Qc5+ Kg7 25. Nd5 Bxf3 26. Nxf6 Kxf6 27. g3 Nf4 28. Re3 Bh5 29. Kf1 Nde6 30. Qb6 Nh3 31. Bxe6 fxe6 32. a4 Ng5 33. axb5 axb5 34. Qxb5 Be8 35. Qc5 h5 36. b4 Nh3 37. Rf3+ 1-0

[Event "Coro op"]
[Site "Coro"]
[Date "2019.07.19"]
[Round "1"]
[White "Arias Serrano, Luis Antonio"]
[Black "Silva Torres, Omar Jose"]
[Result "1/2-1/2"]
[WhiteElo "2107"]
[BlackElo "1621"]
[PlyCount "67"]
[EventDate "2019.07.19"]
[EventType "swiss"]
[EventRounds "6"]
[EventCountry "VEN"]
[SourceTitle "EXT 2020"]
[Source "ChessBase"]
[SourceDate "2019.10.17"]
[SourceVersion "1"]
[SourceVersionDate "2019.10.17"]
[SourceQuality "1"]

1. g3 g6 2. Bg2 Bg7 3. Nf3 e5 4. 0-0 Nc6 5. c4 d6 6. Nc3 Nge7 7. d3 0-0 8. Rb1 a6 9. Ne1 f5 10. f4 Kh8 11. Nc2 Rb8 12. a4 Be6 13. Nd5 Qd7 14. b4 b5 15. Nxe7 Nxe7 16. cxb5 axb5 17. a5 Bd5 18. e4 Ba8 19. Bb2 Nc6 20. Qd2 exf4 21. gxf4 Bxb2 22. Rxb2 Qg7 23. Rb3 Nd4 24. Nxd4 Qxd4+ 25. Qf2 Qf6 26. Qb2 Kg7 27. Qc3 Rf7 28. e5 dxe5 29. fxe5 Qe6 30. Bxa8 Rxa8 31. Rb2 c6 32. Rc2 Rc8 33. a6 g5 34. a7 1/2-1/2

[Event "VEN-chT Liga Superior qual"]
[Site "Caracas"]
[Date "2018.01.26"]
[Round "2.2"]
[White "Arias Serrano, Luis Antonio"]
[Black "Contreras, Leslie"]
[Result "1/2-1/2"]
[WhiteElo "2100"]
[BlackElo "1282"]
[PlyCount "60"]
[EventDate "2018.01.26"]
[EventType "team-swiss"]
[EventRounds "6"]
[EventCountry "VEN"]
[SourceTitle "EXT 2022"]
[Source "ChessBase"]
[SourceDate "2021.10.06"]
[SourceVersion "1"]
[SourceVersionDate "2021.10.06"]
[SourceQuality "1"]
[WhiteTeam "Rising Sars Academy"]
[BlackTeam "Lo&Ar Taem Galletero"]
[WhiteTeamCountry "VEN"]
[BlackTeamCountry "VEN"]

1. g3 Nf6 2. Bg2 e5 3. c4 d5 4. cxd5 Nxd5 5. Nc3 Be6 6. d3 Nc6 7. Nf3 Be7 8. 0-0 0-0 9. Bd2 Qd7 10. Ng5 Nxc3 11. bxc3 Bg4 12. Re1 Rad8 13. Rb1 h6 14. Nf3 e4 15. Nd4 exd3 16. Bxc6 dxe2 17. Qxe2 bxc6 18. f3 Be6 19. Nxe6 fxe6 20. Bf4 Bd6 21. Bxd6 cxd6 22. f4 Rde8 23. Rb4 d5 24. Reb1 Rf7 25. Qe5 Rf5 26. Qe3 Rf7 27. Qe5 Rf5 28. Qe3 Rf7 29. a4 Qc7 30. Re1 Rfe7 1/2-1/2

[Event "Ocana op 1st"]
[Site "Ocana"]
[Date "2015.09.25"]
[Round "1"]
[White "Aguas, Jose Luis"]
[Black "Arias Serrano, Luis Antonio"]
[Result "1-0"]
[WhiteElo "1686"]
[BlackElo "2144"]
[PlyCount "71"]
[EventDate "2015.09.25"]
[EventType "swiss"]
[EventRounds "7"]
[EventCountry "COL"]
[SourceTitle "EXT 2016"]
[Source "ChessBase"]
[SourceDate "2015.10.08"]
[SourceVersion "1"]
[SourceVersionDate "2015.10.08"]
[SourceQuality "1"]

1. d4 d5 2. c4 Nf6 3. Nc3 Be6 4. c5 Nc6 5. Bf4 a6 6. e3 g6 7. Bd3 Nb4 8. Qa4+ Nc6 9. Nf3 Bd7 10. Qb3 b6 11. cxb6 cxb6 12. Nxd5 Be6 13. Nc7+ Qxc7 14. Qxe6 Qd8 15. Qxc6+ Nd7 16. Rc1 Bg7 17. Ne5 Bxe5 18. Bxe5 0-0 19. Bc7 Qc8 20. 0-0 Nf6 21. Qxb6 Nd5 22. Qa5 Qe6 23. Bc4 Qd7 24. Bxd5 Rac8 25. Bb7 Qb5 26. Qxb5 axb5 27. Bxc8 Rxc8 28. Bf4 Ra8 29. Bh6 f5 30. a3 Kf7 31. Rc7 Kf6 32. Rfc1 e6 33. f4 g5 34. fxg5+ Kg6 35. Rg7+ Kh5 36. Rxh7 1-0

[Event "Maracay Giron Memorial 1st"]
[Site "Maracay"]
[Date "2012.06.06"]
[Round "1"]
[White "Arias Serrano, Luis Antonio"]
[Black "Terry Cuellar, Luis Antonio"]
[Result "0-1"]
[WhiteElo "2214"]
[BlackElo "2127"]
[PlyCount "88"]
[EventDate "2012.06.06"]
[EventType "tourn"]
[EventRounds "9"]
[EventCountry "VEN"]
[SourceTitle "EXT 2013"]
[Source "ChessBase"]
[SourceDate "2012.11.22"]
[SourceVersion "1"]
[SourceVersionDate "2012.11.22"]
[SourceQuality "1"]

1. g3 c6 2. Bg2 e5 3. c4 Nf6 4. Nc3 Bc5 5. e3 0-0 6. d4 exd4 7. exd4 Re8+ 8. Nge2 Bf8 9. 0-0 d6 10. h3 h6 11. Be3 a5 12. Qd2 Bf5 13. g4 Ne4 14. Nxe4 Bxe4 15. f3 Bh7 16. Ng3 Na6 17. f4 Nb4 18. f5 Rxe3 19. Qxe3 Nc2 20. Qc3 Nxa1 21. Rxa1 Be7 22. Re1 d5 23. c5 b6 24. Nh5 bxc5 25. dxc5 d4 26. Qc4 Rb8 27. Bxc6 d3 28. Qc3 f6 29. Qc4+ Kh8 30. Nf4 d2 31. Rd1 Rb4 32. Qf1 Qd4+ 33. Kh1 Qxf4 34. Qxf4 Rxf4 35. Rxd2 Bg8 36. Rd7 Bxc5 37. Rd8 Rd4 38. Ra8 Kh7 39. Rxa5 Bd6 40. b3 Rd2 41. Be8 Bd5+ 42. Kg1 h5 43. gxh5 Bg3 44. Bb5 Bf3 0-1

[Event "Valencia Sub zt 2.3.5"]
[Site "Valencia"]
[Date "2000.??.??"]
[Round "6"]
[White "Arias Serrano, Luis Antonio"]
[Black "Santa Torres, Luis A"]
[Result "1-0"]
[WhiteElo "2243"]
[BlackElo "2201"]
[PlyCount "71"]
[EventDate "2000.08.13"]
[EventType "swiss"]
[EventRounds "9"]
[EventCountry "VEN"]
[SourceTitle "EXT 2001"]
[Source "ChessBase"]
[SourceDate "2000.11.22"]
[SourceVersion "1"]
[SourceVersionDate "2000.11.22"]
[SourceQuality "1"]

1. g3 d5 2. Bg2 c6 3. Nf3 Bg4 4. Ne5 Bh5 5. d4 Nf6 6. c4 e6 7. Nc3 Be7 8. Qb3 Qb6 9. c5 Qc7 10. Bf4 Qc8 11. h3 Nbd7 12. g4 Bg6 13. Nxg6 hxg6 14. Qd1 0-0 15. e3 Re8 16. 0-0 Bf8 17. b4 e5 18. Bg3 b6 19. Qd3 a5 20. a3 e4 21. Qe2 b5 22. bxa5 Rxa5 23. Qb2 Nh7 24. a4 bxa4 25. Rxa4 Rxa4 26. Nxa4 Ndf6 27. Rb1 Ng5 28. Qe2 Qe6 29. h4 Nf3+ 30. Bxf3 exf3 31. Qxf3 Nxg4 32. Nb6 Nf6 33. Ra1 Ne4 34. Ra7 Nxg3 35. Qxg3 Qf5 36. Nd7 1-0

[Event "Valencia Sub zt 2.3.5"]
[Site "Valencia"]
[Date "2000.??.??"]
[Round "5"]
[White "Arias Serrano, Luis Antonio"]
[Black "Yee, Frank"]
[Result "1/2-1/2"]
[WhiteElo "2243"]
[BlackElo "2169"]
[PlyCount "71"]
[EventDate "2000.08.13"]
[EventType "swiss"]
[EventRounds "9"]
[EventCountry "VEN"]
[SourceTitle "EXT 2001"]
[Source "ChessBase"]
[SourceDate "2000.11.22"]
[SourceVersion "1"]
[SourceVersionDate "2000.11.22"]
[SourceQuality "1"]

1. e4 e5 2. Nf3 Nc6 3. Bb5 a6 4. Ba4 Nf6 5. 0-0 b5 6. Bb3 Bb7 7. c3 Bc5 8. d4 Bd6 9. Re1 h6 10. Nbd2 0-0 11. Nf1 Re8 12. d5 Na5 13. Bc2 c6 14. Ne3 Bc5 15. b4 Bxe3 16. Bxe3 Nc4 17. d6 Re6 18. Bc5 Ne8 19. Bb3 Qf6 20. Qe2 Nexd6 21. Bxd6 Rxd6 22. Bxc4 bxc4 23. Qxc4 Re6 24. Qc5 d5 25. Nd2 Qg5 26. Qe3 Qxe3 27. Rxe3 a5 28. f3 axb4 29. cxb4 Ra4 30. a3 Re8 31. Nb3 Rea8 32. Nc5 Rxb4 33. Nxb7 Rxb7 34. exd5 cxd5 35. Rxe5 Rba7 36. Rxd5 1/2-1/2